<?xml version="1.0" encoding="UTF-8"?>
<record
    xmlns:xsi="http://www.w3.org/2001/XMLSchema-instance"
    xsi:schemaLocation="http://www.loc.gov/MARC21/slim http://www.loc.gov/standards/marcxml/schema/MARC21slim.xsd"
    xmlns="http://www.loc.gov/MARC21/slim">

  <leader>01864nam a22002537a 4500</leader>
  <controlfield tag="003">BJBSDDR</controlfield>
  <controlfield tag="005">20260515174400.0</controlfield>
  <controlfield tag="006">a|||||r|||| 00| 0 </controlfield>
  <controlfield tag="007">ta</controlfield>
  <controlfield tag="008">260515s2024    nyu|||||r|||| 00| 0 eng d</controlfield>
  <datafield tag="020" ind1=" " ind2=" ">
    <subfield code="a">9780063039605</subfield>
  </datafield>
  <datafield tag="040" ind1=" " ind2=" ">
    <subfield code="b">spa</subfield>
    <subfield code="c">BJBSDDR</subfield>
  </datafield>
  <datafield tag="041" ind1=" " ind2=" ">
    <subfield code="a">eng</subfield>
  </datafield>
  <datafield tag="050" ind1=" " ind2=" ">
    <subfield code="b">B152r 2024</subfield>
  </datafield>
  <datafield tag="100" ind1="1" ind2=" ">
    <subfield code="a">Baier, Bret,</subfield>
    <subfield code="d">1970-</subfield>
    <subfield code="9">48485</subfield>
  </datafield>
  <datafield tag="245" ind1="1" ind2="0">
    <subfield code="a">To rescue the Constitution : </subfield>
    <subfield code="b">George Washington and the fragile American experiment /</subfield>
    <subfield code="c">Bret Baier (Autor), Catherine Whitney (Autor).</subfield>
  </datafield>
  <datafield tag="260" ind1=" " ind2=" ">
    <subfield code="a">New York :</subfield>
    <subfield code="b">Mariner Books, </subfield>
    <subfield code="c">2024</subfield>
  </datafield>
  <datafield tag="300" ind1=" " ind2=" ">
    <subfield code="a">xix, 360 pages :</subfield>
    <subfield code="b">illustrations, map ; </subfield>
    <subfield code="c">21 cm</subfield>
  </datafield>
  <datafield tag="505" ind1=" " ind2=" ">
    <subfield code="a">Contenidos : 
Introduction: our common ground
Prologue: where are the delegates?
Part 1. The making of Washington
A stroke of destiny
The king's uniform
Breaking point
The colonies convene
Part 2. The call of independence
The command
"Victory or death"
Washington's crucible
The final fight
Part 3. Rescuing the constitution
The unraveling union
The scaffold of a republic
We have a constitution
The people decide
Part 4. The living republic
The first term
The gift of a peaceful transition
- Afterword: in their footsteps
Appendix: Washington's farewell address</subfield>
  </datafield>
  <datafield tag="520" ind1=" " ind2=" ">
    <subfield code="a">To Rescue the Constitution by Bret Baier is a history of how George Washington helped guide the United States through its most fragile early years. It explains how the weak Articles of Confederation nearly caused the new nation to fail, and how Washington&#x2019;s leadership at the Constitutional Convention helped create the U.S. Constitution. The book also shows how, as the first president, he set key precedents&#x2014;like a strong but limited executive branch and peaceful transfer of power&#x2014;that helped stabilize the young republic.</subfield>
  </datafield>
  <datafield tag="700" ind1="1" ind2=" ">
    <subfield code="a">Whitney, Catherine,</subfield>
    <subfield code="d">1950-</subfield>
    <subfield code="9">12637</subfield>
  </datafield>
  <datafield tag="942" ind1=" " ind2=" ">
    <subfield code="2">lcc</subfield>
    <subfield code="n">0</subfield>
    <subfield code="c">BK</subfield>
  </datafield>
  <datafield tag="946" ind1=" " ind2=" ">
    <subfield code="i">llh</subfield>
  </datafield>
  <datafield tag="999" ind1=" " ind2=" ">
    <subfield code="c">127118</subfield>
    <subfield code="d">127118</subfield>
  </datafield>
  <datafield tag="952" ind1=" " ind2=" ">
    <subfield code="0">0</subfield>
    <subfield code="1">0</subfield>
    <subfield code="2">lcc</subfield>
    <subfield code="4">0</subfield>
    <subfield code="7">0</subfield>
    <subfield code="8">APT</subfield>
    <subfield code="a">BJB</subfield>
    <subfield code="b">BJB</subfield>
    <subfield code="c">APT</subfield>
    <subfield code="d">2026-05-15</subfield>
    <subfield code="l">0</subfield>
    <subfield code="o">B152r 2024</subfield>
    <subfield code="p">00000200109</subfield>
    <subfield code="r">2026-05-15 17:44:18</subfield>
    <subfield code="t">1</subfield>
    <subfield code="w">2026-05-15</subfield>
    <subfield code="y">BK</subfield>
  </datafield>
</record>
